000 00321nam a22001457a 4500
003 SGT
020 _a81-219-4248-9
082 _a615
_bP14J
100 _aJAYAVEERA,K.N
245 _aPHARMACEUTICAL BIOCHEMISTRY
260 _aNEW DELHI
_bS.CHAND & COMPANY
_c2014
300 _a356
650 _aPHARMACY
942 _2ddc
_cBK
999 _c11197
_d11197